ESSEMTIALS OF MEDICAL MICROBIOLOGY (Record no. 25327)

MARC details
000 -LEADER
fixed length control field 00410nam a22001697a 4500
003 - CONTROL NUMBER IDENTIFIER
control field SGT
020 ## - INTERNATIONAL STANDARD BOOK NUMBER
International Standard Book Number 9789356963320
082 ## - DEWEY DECIMAL CLASSIFICATION NUMBER
Classification number 616.01
Item number E23S
100 ## - MAIN ENTRY--PERSONAL NAME
Personal name SASTARY, APURBA S.
245 ## - TITLE STATEMENT
Title ESSEMTIALS OF MEDICAL MICROBIOLOGY
250 ## - EDITION STATEMENT
Edition statement 4TH
260 ## - PUBLICATION, DISTRIBUTION, ETC. (IMPRINT)
Place of publication, distribution, etc INDIA
Name of publisher, distributor, etc JAYPEE PUB
Year of Publication 2023
300 ## - PAGE DESCRIPTION
No. of Pages 710
650 ## - SUBJECT ADDED ENTRY--TOPICAL TERM
Topical term or geographic name as entry element MICROBIOLOGY
653 ## - KEYWORDS--INDEX TERM
Keyword term ESSEMTIALS OF MEDICAL MICROBIOLOGY
942 ## - ADDED ENTRY ELEMENTS (KOHA)
Source of classification or shelving scheme Dewey Decimal Classification
Koha item type Books
942 ## - ADDED ENTRY ELEMENTS (KOHA)
-- 25
Holdings
Withdrawn status Lost status Source of classification or shelving scheme Damaged status Not for loan Collection code Home library Current library Shelving location Date acquired Vendor Name Cost, normal purchase price SGTU Bill Number Total Checkouts Full call number Accession No. (Barcode) Date last seen Date last borrowed Bill Date Koha item type Total Renewals Checked out
    Dewey Decimal Classification     MEDICAL SGT Medical Library SGT Medical Library Text Book 29/11/2023 ABC DELHI 1495.00 SGTU 17259 9 616.01 E23S FM14099 15/05/2026 23/04/2026 18/08/2023 Books    
    Dewey Decimal Classification     MEDICAL SGT Medical Library SGT Medical Library Text Book 29/11/2023 ABC DELHI 1495.00 SGTU 17259 58 616.01 E23S FM14100 02/06/2026 02/06/2026 18/08/2023 Books 7 16/06/2026